000 00547nam a2200193Ia 4500
003 OSt
005 20251218155028.0
008 210210b1944 xxu||||| |||| 00| 0 eng d
040 _cAL
041 _aSanskrit
082 _a886/72
100 _aVIVEKANANDA SVAMI
_9147679
_dविवेकानन्द स्वामि
245 _aKarma yoga
_bकर्मयोग
260 _aMayavathi
_bAdvaita ashrama
_c1944
650 _aSwami Vivekananda
_9147680
690 _aSanskrit Criticism
_9147681
906 _a024579
942 _2ddc
_cBK
999 _c150116
_d150116